000 00466nam a2200181Ia 4500
001 24518
005 20260414151049.0
008 260414t2003||||xx |||||||||||||| ||spa||
041 _aESP
082 _a345.72
_bA157 T. 2
100 _aAlsina, Hugo
_eAUT
245 0 _aJuicios ejecutivos y de apremio, medidas precautorias y tercerías
_b
260 _c2003
300 _a 000 páginas :
_c28 cm.
650 _aDER
654 _aCDE
942 _cLIB
_dJUS
_fJUS
_2ddc
_n
999 _c24518
_d24518